ნორმალური ფორმატი
MARC ფორმატი
ჩანაწერი Personal Name
ჩანაწერთა რაოდენობა, რომელიც გამოყენებულია: 1
001 - CONTROL NUMBER
- control field: 11900
003 - CONTROL NUMBER IDENTIFIER
- control field: GE_BSU
005 - DATE AND TIME OF LATEST TRANSACTION
- control field: 20210527133221.0
008 - FIXED-LENGTH DATA ELEMENTS
- fixed length control field: 210527|| aca||aabn | a|a d
040 ## - CATALOGING SOURCE
- Original cataloging agency: GE_BSU
- Transcribing agency: GE_BSU
100 ## - HEADING--PERSONAL NAME
- Personal name: ჯიბლაძე, მალვინა
670 ## - SOURCE DATA FOUND
- Source citation: Work cat.: (GE_BSU): ჯიბლაძე, მალვინა, ტრანსნაციონალური კომპანიები გლობალურ ბიზნესსა და სოციალურ გარემოში : პრობლემები, შესაძლებლობები, ტენდენციები :
